000 00361nam a2200133Ia 4500
008 210210b1977 xxu||||| |||| 00| 0 eng d
082 _a301 IRII
100 _aIRISH (Donald P).
245 _aInstructor's manual to accompany Ian Robertson sociology.
260 _aNY
_bWorth Publishers Inc.
_c1977
300 _avii,298
690 _aSociology
906 _a045180
999 _c94225
_d94225